000 00542pab a2200169 454500
008 180718b2002 xxu||||| |||| 00| 0 eng d
100 _aBellamy, Christine
245 _aFrom automation to knowledge management: modernising British government with ICTs
260 _c2002
300 _ap.213-30.
362 _aJun
650 _aGreat Britain - Politics and government
650 _a Public administration - Great Britain
650 _aPublic administration
773 _aInternational Review of Administrative Sciences
909 _a52912
999 _c52912
_d52912